| 000 | 00000nam##2200000za#4500 |
| 001 | 9.602330 |
| 003 | CaOODSP |
| 005 | 20210624210522 |
| 007 | cr ||||||||||| |
| 008 | 150406|1999||||xxc|||||o f|0| 0 fre|d |
| 040 | |aCaOODSP|bfre |
| 043 | |an-cn--- |
| 086 | 1 |aCH3-2/8-1999F-PDF |
| 110 | 1 |aCanada. |bPatrimoine canadien. |
| 245 | 10|aLes langues au Canada - Recensement 1996 / |h[ressource électronique]|c[par] Louise Marmen et Jean-Pierre Corbeil. |
| 260 | |aOttawa - Ontario : |bPatrimoine canadien |cc1999. |
| 300 | |a117p.|bglossaire, graphiques, tableaux |
| 490 | 1 |aNouvelles perspectives canadiennes |
| 500 | |aLe n° de catalogue (CH3-2-8/1999), l'ISBN (0-662-64105-1), et l'ISSN (1203-8903) de l'édition imprimée bilingue ont été incorrectement copiés dans l'édition électronique. |
| 590 | |a11-21-Supp|b2011-09-30 |
| 691 | 07|aLangue|2gcpds |
| 720 | 1 |aMarmen, Louise |
| 720 | 1 |aCorbeil, Jean-Pierre |
| 775 | 08|tLanguages in Canada - 1996 Census / |w(CaOODSP)9.571910 |
| 776 | 0#|tLanguages in Canada: 1996 Census / |w(CaOODSP)9.531684 |
| 776 | 0#|tLes langues au Canada: Recensement de 1996 / |w(CaOODSP)9.531685 |
| 830 | #0|aNouvelles perspectives canadiennes.|w(CaOODSP)9.501270 |
| 856 | 40|ahttp://publications.gc.ca|qPDF|s473 Ko|uhttps://publications.gc.ca/collections/collection_2011/pc-ch/CH3-2-8-1999-fra.pdf |